| 000 | 02187cam a2200517Ii 4500 | ||
|---|---|---|---|
| 001 | sjds884673 | ||
| 003 | sjds | ||
| 005 | 20170520110618.0 | ||
| 008 | 080415s2007 mx a b 000 1 spa d | ||
| 020 | _a9789681684792 (hardcover) | ||
| 020 | _a9681684796 (hardcover) | ||
| 020 |
_a9681684796 ; _c14.99 |
||
| 020 | _a9789681684792 | ||
| 035 | _a723051 | ||
| 035 | _a(OCoLC)213853689 | ||
| 035 | _a(OCoLC)ocn213853689 | ||
| 035 | _a718015 | ||
| 035 | _a723051 | ||
| 035 | _a723051 | ||
| 040 |
_aBTCTA _beng _erda _cBTCTA _dBAKER _dSAP _dOCLCG _dLNQ _dOCLCQ _dBDX _dOCLCF _dOCLCO _dOCLCQ _dIFA |
||
| 041 | 1 |
_aspa _heng |
|
| 049 | _aIFAA | ||
| 099 | _f2007 | ||
| 999 |
_c17313 _d17313 |
||
| 999 | _bESPANOL PICTURE BOOKS BROWN 2007 | ||
| 100 | 1 |
_aBrowne, Anthony, _d1946- _eauthor. |
|
| 240 | 1 | 0 |
_aMy brother. _lSpanish |
| 245 | 1 | 0 |
_aMi hermano / _cAnthony Browne ; traducción de Laura Emilia Pacheco. |
| 246 | 1 | 4 | _aMi hermano es genial (a veces) |
| 250 | _a1. ed. en español. | ||
| 260 |
_aMéxico, D.F. : _bFondo de Cultura Económica, _c2007. |
||
| 264 | 1 |
_aMéxico, D.F. : _bFondo de Cultura Económica, _c2007. |
|
| 300 |
_a1 volume (unpaged) : _bcolor illustrations ; _c28 cm. |
||
| 336 |
_atext _btxt _2rdacontent |
||
| 337 |
_aunmediated _bn _2rdamedia |
||
| 338 |
_avolume _bnc _2rdacarrier |
||
| 490 | 1 | _aLos especiales de A la orilla del viento | |
| 500 | _aIllustrated end papers. | ||
| 520 | _aDespués de Mi papá y Mi mamá, Anthony Browne dedica un álbum a su hermano, quien... además de ser un artista con la patineta y un futbolista privilegiado, puede escribir historias fantásticas y cantar y bailar como el más alocado de los roqueros. Fuerte, valiente, ingenioso y con un refinado gusto para la moda, éste es el hermano perfecto, pues gracias a todas sus cualidades es el mejor amigo del mundo. | ||
| 520 | _aA child describes the many wonderful things about "my brother," who can fly, write amazing stories, and stand up to bullies. | ||
| 526 | 0 |
_aAccelerated Reader AR _bLG _c3.8 _d0.5 _z115784. |
|
| 650 | 0 |
_aBrothers _vJuvenile fiction. |
|
| 650 | 7 |
_aHermanos _vNovela juvenil. _2bidex |
|
| 700 | 1 | _aPacheco, Laura Emilia. | |
| 830 | _aMy brother. | ||
| 942 | _cBK | ||